Govt. of
Madhya Pradesh

Criminal Justice India Series (Record no. 2191)

MARC details
000 -LEADER
fixed length control field 004940000a22001810004500
003 - CONTROL NUMBER IDENTIFIER
control field MACL
005 - DATE AND TIME OF LATEST TRANSACTION
control field 20150801144311.0
008 - FIXED-LENGTH DATA ELEMENTS--GENERAL INFORMATION
fixed length control field 150801b xxu||||| |||| 00| 0 eng d
040 ## - CATALOGING SOURCE
Original cataloging agency MACL
Transcribing agency MACL
041 ## - LANGUAGE CODE
Language code of text/sound track or separate title English
082 ## - DEWEY DECIMAL CLASSIFICATION NUMBER
Classification number 364/MAN
100 ## - MAIN ENTRY--PERSONAL NAME
Personal name Menon, N.R, Madhava
9 (RLIN) 4109
245 ## - TITLE STATEMENT
Title Criminal Justice India Series
Remainder of title Vol 8 Punjab , 2002
260 ## - PUBLICATION, DISTRIBUTION, ETC. (IMPRINT)
Name of publisher, distributor, etc. National University Of Juridical Sciences
Date of publication, distribution, etc. 2003
Place of publication, distribution, etc. New Delhi
350 ## - PRICE (NR) (BK AM CF MU VM SE) [OBSOLETE]
Price 295
650 ## - SUBJECT ADDED ENTRY--TOPICAL TERM
Topical term or geographic name as entry element Criminology
9 (RLIN) 4110
942 ## - ADDED ENTRY ELEMENTS (KOHA)
Koha item type Books
Call number prefix 364
Source of classification or shelving scheme
Holdings
Withdrawn status Lost status Source of classification or shelving scheme Damaged status Not for loan Home library Current library Date acquired Cost, normal purchase price Total Checkouts Full call number Barcode Date last seen Uniform Resource Identifier Price effective from Koha item type
          MACL MACL 01/08/2015 295.00   364/MAN CRE020370 02/05/2024 2185 15/04/2015 Books